000 00293nam a22001337a 4500
008 170920b xxu||||| |||| 00| 0 eng d
020 _a9780811807661
041 _aeng
080 _a7
100 _a45
101 _aART
245 _aTHE ART AND CRAFT OF JEWERLY
_cFITCH,J
942 _2udc
_cBK
999 _c28547
_d28547